000 00912nam a2200229 4500
005 20240530110951.0
008 221214s2021 ua ah f b 00| 0 ara d
017 _a21780
_bمصر. دار الكتب
020 _a9789778580624
040 _aEG-CaGPL
_cEG-CaGPL
082 0 4 _221
_a723.3
_bف د
100 0 _aفهيم فتحى ابراهيم حجازى
245 1 0 _aدراسات فى الاثار السلجوقية فى بلاد الاناضول /
_cفهيم فتحى ابراهيم حجازى
250 _aط 1
260 _aالقاهرة :
_bدار العلا للنشر والتوزيع،
_c2021.
300 _a2 جزء :
_bايض ؛
_c24 سم.
504 _aيشتمل على ارجاعات ببليوجرافية
650 0 7 _2qrmak
_aالسلاجقة
_xاثار
651 0 7 _2qrmak
_aالدولة السلجوقية
_xاثار
942 _2ddc
_cBK
999 _c67000
_d67000